Ingeniería de software: una perspectiva orientada a objetos

-д хадгалсан:
Номзүйн дэлгэрэнгүй
Үндсэн зохиолч: Braude, Eric J (Зохиогч)
Формат: Ном
Хэл сонгох:испани
Хэвлэсэн: Cuernavaca Alfaomega 2003
Нөхцлүүд:
Шошгууд: Шошго нэмэх
Шошго байхгүй, Энэхүү баримтыг шошголох эхний хүн болох!

MARC

LEADER 00000cam a2200000 a 4500
001 UCF4188
003 CL-VaPUC
008 121122e20030000MX |||||||||||||||||spa|d
020 |a 9701508513 
082 0 4 |a 005.1  |b BRA  |2 21 
100 0 |a Braude, Eric J  |e author  |9 565785 
245 1 0 |a Ingeniería de software: una perspectiva orientada a objetos 
300 |a 539 p 
942 |c BK 
945 |d 20121122 00:00:00  |a dcastane 
260 |a Cuernavaca  |b Alfaomega  |c 2003 
650 0 |a Análisis de sistemas   |9 260059 
650 0 |a Ingeniería de sistemas   |9 261019 
650 0 |a Ingeniería de software   |9 263866 
583 |a last modification  |c 20121122 14:17:00  |k Rodrigo Vera 
999 |c 350108  |d 350106 
952 |0 0  |1 0  |2 ddc  |4 0  |6 005_100000000000000_BRA_2003  |7 0  |8 A  |9 453157  |a BIBING  |b BIBING  |c RES  |d 2019-11-22  |i 4925408  |o 005.1 BRA 2003  |p 4925408  |r 2025-01-20  |w 2019-11-22  |y BK  |k CCI 
952 |0 0  |1 0  |2 ddc  |4 0  |6 005_100000000000000_BRA_2003  |7 0  |8 A  |9 453158  |a BIBING  |b BIBING  |c RES  |d 2019-11-22  |i 4925416  |o 005.1 BRA 2003  |p 4925416  |r 2025-01-20  |w 2019-11-22  |y BK  |k CCI 
952 |0 0  |1 0  |2 ddc  |4 0  |6 005_100000000000000_BRA_2003  |7 0  |8 A  |9 453159  |a BIBING  |b BIBING  |c RES  |d 2019-11-22  |i 4925424  |o 005.1 BRA 2003  |p 4925424  |r 2025-01-20  |w 2019-11-22  |y BK  |k CCI 
952 |0 0  |1 0  |2 ddc  |4 0  |6 005_100000000000000_BRA_2003  |7 0  |8 A  |9 453160  |a BIBING  |b BIBING  |c RES  |d 2019-11-22  |i 4993233  |o 005.1 BRA 2003  |p 4993233  |r 2025-01-20  |w 2019-11-22  |y BK  |k CCI 
952 |0 0  |1 0  |2 ddc  |4 0  |6 005_100000000000000_BRA_2003  |7 0  |8 A  |9 453161  |a BIBING  |b BIBING  |c RES  |d 2019-11-22  |i 4993241  |o 005.1 BRA 2003  |p 4993241  |r 2025-01-20  |w 2019-11-22  |y BK  |k CCI 
952 |0 0  |1 0  |2 ddc  |4 0  |6 005_100000000000000_BRA_2003  |7 0  |8 A  |9 453162  |a BIBING  |b BIBING  |c RES  |d 2019-11-22  |i 499325K  |l 1  |o 005.1 BRA 2003  |p 499325K  |r 2025-01-20  |s 2020-07-27  |w 2019-11-22  |y BK  |k CCI 
952 |0 0  |1 0  |2 ddc  |4 0  |6 005_100000000000000_BRA_2003  |7 0  |8 A  |9 453163  |a BIBING  |b BIBING  |c RES  |d 2019-11-22  |i 4993268  |o 005.1 BRA 2003  |p 4993268  |r 2025-01-20  |w 2019-11-22  |y BK  |k CCI 
952 |0 0  |1 0  |2 ddc  |4 0  |6 005_100000000000000_BRA_2003  |7 0  |8 A  |9 453164  |a BIBING  |b BIBING  |c RES  |d 2019-11-22  |i 4993276  |o 005.1 BRA 2003  |p 4993276  |r 2025-01-20  |w 2019-11-22  |y BK  |k CCI 
952 |0 0  |1 0  |2 ddc  |4 0  |6 005_100000000000000_BRA_2003  |7 0  |8 A  |9 453165  |a BIBING  |b BIBING  |c RES  |d 2019-11-22  |i 4993284  |o 005.1 BRA 2003  |p 4993284  |r 2025-01-20  |w 2019-11-22  |y BK  |k CCI 
952 |0 0  |1 0  |2 ddc  |4 0  |6 005_100000000000000_BRA_2003  |7 0  |8 A  |9 453166  |a BIBING  |b BIBING  |c RES  |d 2019-11-22  |i 4993292  |o 005.1 BRA 2003  |p 4993292  |r 2025-01-20  |w 2019-11-22  |y BK  |k CCI